Największe miasta województwa Podkarpackiego. - Statystyki

Ogólne statystyki
  • Ten quiz został rozwiązany 52 razy
  • Średni wynik to 12 z 20
Statystyki odpowiedzi
Miejsce km² Miasto % Poprawnych
1. 128,97km² Rzeszów
100%
7. 46,17km² Przemyśl
97%
8. 43,50km² Krosno
89%
6. 46,89km² Mielec
86%
12. 34,61km² Jarosław
84%
11. 36,52km² Jasło
81%
13. 33,83km² Dębica
78%
9. 38,08km² Sanok
78%
3. 82,52km² Stalowa Wola
78%
20. 19,42km² Łańcut
73%
2. 85,40km² Tarnobrzeg
73%
4. 60,96km² Nisko
59%
17. 22,13km² Przeworsk
57%
18. 20,58km² Leżajsk
51%
5. 47,10km² Ropczyce
49%
14. 25,73km² Lubaczów
43%
15. 24,55km² Dynów
24%
16. 22,29km² Zagórz
11%
10. 36,60km² Rudnik nad Sanem
5%
19. 19,91km² Pruchnik
3%
Nie znaleziono quizów pasujących do podanych kryteriów
Rozkład punktacji
Procent ludzi z każdym wynikiem
Percentyl według liczby udzielonych odpowiedzi
Twoja historia wyników
Nie rozwiązałeś tego quizu